Villes de Turquie et de Syrie touchées par le séisme de février 2023 sur une carte - Statistiques

Statistiques générales
  • Ce quiz a été pris 223 fois
  • Le résultat moyen est 6 sur 18
Réponses sur la Carte
Les réponses sont colorées sur une échelle allant du rouge au vert en fonction du pourcentage des utilisateurs qui les ont devinées à leur premier essai. Vous pouvez retrouver ces pourcentages ci-dessous.
 
Statistiques - réponses
Population en 2022 Ville % Correct
1,680,723 Gaziantep
76%
571,266 Kahramanmaraş
62%
1,779,463 Adana
58%
596,637 Şanlıurfa
53%
1,087,786 Diyarbakır
52%
2,132,100 Alep
48%
485,484 Malatya
39%
368,279 Antakya
36%
273,241 Adıyaman
34%
252,186 Osmaniye
28%
111,648 Kilis
24%
383,786 Lattaquié
20%
98,791 Idlib
18%
312,994 Hama
17%
106,142 Elbistan
14%
36,562 Afrin
13%
41,632 Banias
8%
53,989 Jablé
8%
Aucun quiz correspondant
Distribution des résultats
% des personnes avec chaque résultat
Percentile par nombre de réponses
Votre historique - résultats
Vous n’avez pas pris ce quiz